ბათუმის შოთა რუსთაველის სახელმწიფო უნივერსიტეტის ბიბლიოთეკა

The year of the Princess. (ბიბ.ჩანაწერი № 46735)

000 -LEADER
fixed length control field 00472nam a2200205Ia 4500
001 - CONTROL NUMBER
control field 13579
003 - CONTROL NUMBER IDENTIFIER
control field GE_BSU
008 - FIXED-LENGTH DATA ELEMENTS--GENERAL INFORMATION
fixed length control field 181216s||||||||xx |||||||||||||| ||und||
020 ## - INTERNATIONAL STANDARD BOOK NUMBER
International Standard Book Number 0718121465
040 ## - CATALOGING SOURCE
Transcribing agency GE_BSU
080 ## - UNIVERSAL DECIMAL CLASSIFICATION NUMBER
Universal Decimal Classification number 94(410)
100 ## - MAIN ENTRY--PERSONAL NAME
Personal name Honeycombe,Gordon
245 #4 - TITLE STATEMENT
Title The year of the Princess.
245 ## - TITLE STATEMENT
Statement of responsibility, etc. Photographs by Tim Graham
260 ## - PUBLICATION, DISTRIBUTION, ETC.
Place of publication, distribution, etc. London
260 ## - PUBLICATION, DISTRIBUTION, ETC.
Date of publication, distribution, etc. 1982
300 ## - PHYSICAL DESCRIPTION
Extent 159p.ill.28cm.
653 ## - INDEX TERM--UNCONTROLLED
Uncontrolled term The year of the virgins.
942 ## - ADDED ENTRY ELEMENTS (KOHA)
Koha item type წიგნი
ეგზემპლარები
Withdrawn status Lost status Damaged status Not for loan Date acquired Barcode Date last seen Price effective from Koha item type
        2018-12-17 37107 2018-12-17 2018-12-17 წიგნი